Przeglad statystyczny

Uložené v:
Podrobná bibliografia
Médium: Seriál
Jazyk:Polish
Vydavateľské údaje: Warszawa Wydawnictwo naukowe 1990
Predmet:
Tagy: Pridať tag
Žiadne tagy, Buďte prvý, kto otaguje tento záznam!

MARC

LEADER 00000nas2a2200000 4500
001 s015039
005 20041019155329.4
022 |a 0033-2372 
041 0 |a pol 
044 |a PL 
245 1 0 |a Przeglad statystyczny 
264 1 |a Warszawa  |b Wydawnictwo naukowe  |c 1990 
300 |a 1 zv. 
773 0 |w eu_un_cat*s120579 
610 2 0 |a štatistika